Les Chevaliers du Zodiaque - Statistiques

Statistiques générales
  • Ce quiz a été pris 46 fois
  • Le résultat moyen est 9 sur 19
Statistiques - réponses
Question Réponse % Correct
Arc Sanctuaire - Qui est le chef des Chevaliers Noirs, et tente de s'emparer de l'armure d'or du Sagittaire ? Ikki
87%
Arc Sanctuaire - Qui est le dernier obstacle pour sauver Athéna ? Saga des Gémeaux
72%
Arc Hadès - Qui tue Athéna ? Personne, elle se suicide
69%
Arc Hadès - Combien de spectres composent l'armée d'Hadès ? 108
67%
Arc Sanctuaire - Lors de la bataille des 12 maisons, qui empêche le Grand Pope d'envoyer Shun dans une autre dimension ? Ikki du Phénix
67%
Arc Poséidon - En qui Poséidon se réincarne-t-il ? Julian Solo
64%
Arc Poséidon - Qui est en réalité Dragon des Mers ? Kanon des Gémeaux
64%
Arc Hadès - Comment s'appellent les armures ressuscitées grâce au sang d'un dieu ? Les Kamui
64%
Arc Hadès - Comment peut-on atteindre les Champs-Élysées ? En étant choisi par les Dieux
49%
Arc Sanctuaire - Pour quelle raison Hyôga reçoit-il une lettre du Sanctuaire ? Mettre fin au tournoi organisé par Saori Kido
44%
Arc Hadès - Qui est le premier chevalier renégat à faire son apparition ? Shion du Bélier
41%
Arc Hadès - Lequel des dieux est le premier à être vaincu ? Thanatos
41%
Arc Sanctuaire - Qui le Grand Pope envoie-t-il en mission pour tuer les Chevaliers de Bronze ? Milo du Scorpion
38%
Arc Poséidon - Quel est le dernier pilier à être détruit ? Main Breadwinner
33%
Arc Sanctuaire - La bataille pour l'armure du Sagittaire fait rage dans les grottes du mont Fuji ! Qui intervient depuis l'extérieur pour y causer un tremblement de terre ? Misty du Lézard
33%
Arc Hadès - Qui porte le coup final à Hadès, le tuant ? Athéna
28%
Arc Poséidon - Qui vient du sanctuaire pour veiller sur Athéna ? Aldebaran du Taureau
21%
Arc Poséidon - Combien de piliers composent-ils le sanctuaire sous-marin ? 8
13%
Arc Sanctuaire - Quel est le premier Chevalier d'Or que nous rencontrons ? (même si on ne le sait pas à ce moment) Saga des Gémeaux
13%
Aucun quiz correspondant
Distribution des résultats
% des personnes avec chaque résultat
Percentile par nombre de réponses
Votre historique - résultats
Vous n’avez pas pris ce quiz